000
00294nam a2200121Ia 4500
005
20251223000717.0
008
251222s9999||||xx |||||||||||||| ||spa||
082
_a
320.8/E79
245
0
_a
Módulo 4 Gestión Democrática del Territorio:
250
_a
1ra.ed.
264
_b
ALPHA
942
_c
LIB
999
_c
41503
_d
41503